The Histories [of Herodotus] /
Obra dividida en nueve libros, de acuerdo con varios manuscritos, que llevan como títulos los nombres de las musas. Herodoto la escribió con la esperanza de salvar del olvido la memoria de los hechos de los hombres y de impedir que las grandes hazañas de los griegos y de los bárbaros pierdan su mere...
Salvato in:
| Autore principale: | |
|---|---|
| Natura: | Libro |
| Lingua: | inglese |
| Serie: | (Penguin Classics ;
L34) |
| Soggetti: | |
| Tags: |
Nessun Tag, puoi essere il primo ad aggiungerne!!
|
MARC
| LEADER | 00000nam^a2200000^a^4500 | ||
|---|---|---|---|
| 001 | 000377453 | ||
| 005 | 20250521000000.0 | ||
| 009 | 20260310120408.941 | ||
| 037 | |a Acervo ITESO - Biblioteca | ||
| 041 | |a ING | ||
| 082 | |a 949. 50123 |b HER | ||
| 100 | |a Herodoto |e (autor) | ||
| 240 | 1 | 5 | |a [Los nueve libros de la historia] |
| 245 | 1 | 4 | |a The Histories [of Herodotus] / |c Herodoto ; introd. y tr. por Aubrey de Sélincourt. |
| 264 | |a Baltimore, EUA : |b Penguin, |c 1960 | ||
| 300 | |a 599 p., [2] mapas | ||
| 336 | |a texto |b txt |2 rdacontenido | ||
| 337 | |a sin mediación |b n |2 rdamedio | ||
| 338 | |a volumen |b nc |2 rdasoporte | ||
| 440 | 1 | |a (Penguin Classics ; |v L34) | |
| 520 | |a Obra dividida en nueve libros, de acuerdo con varios manuscritos, que llevan como títulos los nombres de las musas. Herodoto la escribió con la esperanza de salvar del olvido la memoria de los hechos de los hombres y de impedir que las grandes hazañas de los griegos y de los bárbaros pierdan su merecida porción de gloria. | ||
| 649 | |a XX | ||
| 650 | |a Batalla de las Termópilas, 480 a.C. | ||
| 650 | |a Geografía Antigua | ||
| 650 | |a Historia Antigua | ||
| 650 | |a Historiografía - |z Grecia | ||
| 650 | |a Irán - |x Historia - |y Ciro II, El Grande, 550-530 a.C. | ||
| 650 | |a Irán - |x Historia - |y Darío I, El Grande, 522-486 a.C. | ||
| 650 | |a Irán - |x Historia - |y Jerjes I, 486-465 a.C. | ||
| 650 | |a Irán - |x Historia - |y Imperio Persa Aqueménida, 550-330 a.C. | ||
| 650 | |a Grecia - |x Historia - |y Guerras Persas, 500-479 a.C. - |x Tema Principal | ||
| 650 | |a Grecia - |x Historia - |y Período Antiguo, 775-479 a.C. | ||
| 650 | |a Grecia - |x Historia Antigua | ||
| 910 | |a Fondo General | ||
| 920 | |a Impresos - Libros | ||
| 930 | |a Colección General | ||
| 905 | |a 101 | ||
| 901 | |a 0118520100 |b IT1 |c ACC |u 20250521 | ||
| 902 | |a https://opac.biblio.iteso.mx/vufind/Record/000377453 | ||